00776nam a2200217 i 4500001000400000100002700004245005300031246012100084260003100205300002600236490004100262504003400303650001500337830003700352040000800389041000800397044000800405080000600413008004100419856009800460bgj1 aGASSET, Jose Ortega y.10aDer Aufstand der Massen /bJose Ortega y Gasset.10aRowohlts Deutsche Enzyklopädie :bdas Wissen des 20. Jahrhunderts im Taschenbuch mit enzyklopädischem Stichwort. aHamburg :bRowohlt,c1956. a157, [1] s. ;c19 cm.1 aRowohlts Deutsche Enzyklopädiev10 aBibliogr. s. 149-152. Indeks.9 aSocjologia aRowohlts Deutsche Enzyklopädie cBPK0 ager aDEU a0 s gw f |000 0 ger  uhttp://koha.tu.koszalin.pl/cgi-bin/koha/opac-detail.pl?biblionumber=50731yKatalog online BPK